000 00926nac a22002657a 4500
001 BR7311088
003 BR-BrBNA
005 20240105113629.0
008 230509b bl.|||m| |||| 00| 0 por d
040 _aBR-BrBNA
_bpor
_cBiblioteca Nacional de Agricultura
072 _aL30; L00
090 _a5214 BR7311088
110 1 _aPlano de Melhoramento da Alimentacao e do Manejo do Gado Leiteiro, Brasilia, DF (Brasil)
_97810
245 1 _aRelatorio PLAMAM 1973 [Plano de Melhoramento da Alimentacao e do Manejo do Gado Leiteiro; Brasil]
260 3 _aBrasilia, DF (Brasil):
_c1973.
300 _a38 p.
490 _aRelatorio - Plano de Melhoramento da Alimentacao e do Manejo do Gado Leiteiro (Brazil)
_v
_x
650 _aGADO LEITEIRO
650 _aMANEJO
650 _aALIMENTACAO
650 _aCREDITO
650 _aASSISTENCIA TECNICA
909 _a202312
_bLúcia Elande
_c55
_dLúcia Elande
942 _2AGRIS
_n0
_cMS
999 _c264732
_d264732